000 00391nam a2200157Ia 4500
008 221030s9999 xx 000 0 und d
020 _a8124201641
041 _aEnglish
082 _a105.23
_bSin
100 _aChitralekha Singh
245 0 _aHindu Festivals - Fairs & Facts
_cby Chitralekha Singh
260 _bCrest Pub
_aDelhi
_c1999
300 _a220
650 _aGeneral
942 _cBK
999 _c7365
_d7365